| 000 | 01487nac a22003731u 4500 | ||
|---|---|---|---|
| 003 | EG-ScBUE | ||
| 005 | 20220628103533.0 | ||
| 008 | 200219s2005 enk f d 001 0 eng d | ||
| 020 | _a0198609760 | ||
| 020 | _a9780198609766 | ||
| 035 | _a(OCoLC)ocm56464072 | ||
| 040 |
_aEG-ScBUE _beng _erda _cEG-ScBUE _dEG-ScBUE |
||
| 082 | 0 | 4 |
_a433.21 _bCON _222 |
| 245 | 0 | 0 |
_aConcise Oxford-Duden German dictionary : _bGerman-English, English-German / _cedited by the Dudenredaktion and the German Section of the Oxford University Press Dictionary Department ; chief editors, M. Clark, O. Thyen. |
| 246 | 3 | 0 | _aOxford-Duden German dictionary |
| 250 | _aThird edition. | ||
| 264 | 1 |
_aOxford : _bOxford University Press, _c2005. |
|
| 300 |
_axx, 1289 pages ; _c25 cm |
||
| 336 |
_2rdacontent _atext _btxt |
||
| 337 |
_2rdamedia _aunmediated _bn |
||
| 338 |
_2rdacarrier _avolume _bnc |
||
| 500 | _aIncludes index. | ||
| 650 | 7 |
_aGerman language _vDictionaries _xEnglish. _2BUEsh _939270 |
|
| 650 | 7 |
_aEnglish language _vDictionaries _xGerman. _2BUEsh |
|
| 651 | _2BUEsh | ||
| 653 | _bHHUUEENN | ||
| 655 |
_vReading book _934232 |
||
| 700 | 1 |
_aClark, M. _q(Michael) _eeditor. |
|
| 700 | 1 |
_aThyen, O. _q(Olaf) _eeditor. |
|
| 710 | 2 |
_aDudenredaktion (Bibliographisches Institut) _eeditor. |
|
| 710 | 2 |
_aOxford University Press. _bDictionary Dept. _bGerman Section, _eeditor. |
|
| 856 | 4 | 2 |
_3Publisher description _uhttp://www.loc.gov/catdir/enhancements/fy0636/2005544705-d.html |
| 942 |
_cREFERENCE _2ddc |
||
| 999 |
_c5161 _d5161 |
||